000 00258nam a2200109Ia 4500
005 20251222144712.0
008 251222s9999||||xx |||||||||||||| ||spa||
082 _a336.2/E92/2003/Ej.2
245 0 _aManual Tributario 2003
264 _bLos Andes
942 _cLIB
999 _c17875
_d17875